| 000 | 01210cam a22003857a 4500 | ||
|---|---|---|---|
| 003 | CHAP | ||
| 005 | 20220817043447.0 | ||
| 008 | 980703d1995 it a r 00110 eng d | ||
| 010 | _a75873 | ||
| 011 | _a76845 | ||
| 020 | _a9251037035 | ||
| 035 | _a86436 | ||
| 040 | _cCHAP | ||
| 082 | 0 | 4 |
_a630 _bF3 v.120 |
| 110 | 2 | _aFAO | |
| 245 | 1 | 0 |
_aInventory credit : _ban approach to developing agricultural markets _c/by Jonathan Coulter and Andrew W. Shepherd |
| 260 |
_aRome : _bFAO, _c1995. |
||
| 300 |
_a107 p. : _bilus. ; gráfs. |
||
| 410 | 2 | _aFAO | |
| 490 | 0 |
_aFAO. Servicios agrícolas _v; 120 |
|
| 590 |
_aBATCH-UPD _b10 _c20130110 _lUCH01 _h0559 |
||
| 590 |
_aBATCH-UPD _b10 _c20130410 _lUCH01 _h0241 |
||
| 590 |
_aBATCH-UPD _b10 _c20130914 _lUCH01 _h1054 |
||
| 590 |
_aCONVERSION _b10 _c20130109 _lUCH01 _h1341 |
||
| 650 | 1 | 4 |
_aCrédito agrícola. _929022 |
| 650 | 1 | 4 |
_aInventarios. _960169 |
| 700 | 0 |
_aCoulter, Jonathan. _928623 |
|
| 700 | 0 |
_aShepherd, Andrew W. _9105629 |
|
| 810 | 0 | _aFAO | |
| 830 | 0 | 0 |
_aFAO. Servicios agrícolas _v; 120 _939697 |
| 901 | _aBK | ||
| 905 | _aLilia Sánchez G. | ||
| 942 | _cLIBRO | ||
| 949 |
_a630 F3 v.120 _bBC _cFAO _d33724000697744 _eFAO1 _h93581 _i86436 _kDonaciØn _sb |
||
| 999 |
_c75873 _d75873 |
||